000 004200000a22001810004500
003 MACL
005 20151129171939.0
008 151129b xxu||||| |||| 00| 0 eng d
040 _aMACL
_cMACL
041 _aEnglish
082 _a741-642
100 _aSinha, Nilima
_91399
245 _aSave Our Animals
260 _bLearners Press
_c1999
350 _a50
650 _2Children's Book
942 _cBK
_k741.642
_2ddc
999 _c21517
_d21517